000 00584nam a2200229 a 4500
001 nice12345678
003 IN_TiNIC
005 20260116011315.0
008 050524s1967 bana grp 000 0 eng
020 _a
_c4.5
082 0 0 _a320.0954
_bSIN
100 _aSingh, Herbert Jai
245 _aIndian Politics After Nehru
260 _aBangalore
_bChristian Instt.For Study of Religion
_c1967
300 _a193p
500 _aincludes index and biblioraphy
505 2 _aAppendix
650 _aIndia-Politics and Government
902 _bSRS
942 _cBK
999 _c360
_d360